|
|
|
|
| LEADER |
01427nam a2200385 a 4500 |
| 001 |
EBC1163800 |
| 003 |
MiAaPQ |
| 005 |
20200520144314.0 |
| 006 |
m o d | |
| 007 |
cr cn||||||||| |
| 008 |
120924s2013 nyu sb 001 0 eng d |
| 010 |
|
|
|z 2012036636
|
| 020 |
|
|
|z 9780415560030 (hb)
|
| 020 |
|
|
|z 9780415812030 (pb)
|
| 020 |
|
|
|a 9780203068038 (electronic bk.)
|
| 035 |
|
|
|a (MiAaPQ)EBC1163800
|
| 035 |
|
|
|a (Au-PeEL)EBL1163800
|
| 035 |
|
|
|a (CaPaEBR)ebr10682868
|
| 035 |
|
|
|a (CaONFJC)MIL476054
|
| 035 |
|
|
|a (OCoLC)836402569
|
| 040 |
|
|
|a MiAaPQ
|c MiAaPQ
|d MiAaPQ
|
| 050 |
|
4 |
|a HC79.C6
|b M386 2013
|
| 082 |
0 |
4 |
|a 306.3
|2 23
|
| 100 |
1 |
|
|a McDonald, Matthew.
|
| 245 |
1 |
0 |
|a Social psychology and theories of consumer culture
|h [electronic resource] :
|b a political economy perspective /
|c Matthew McDonald and Stephen Wearing.
|
| 260 |
|
|
|a New York :
|b Routledge,
|c 2013.
|
| 300 |
|
|
|a viii, 172 p.
|
| 504 |
|
|
|a Includes bibliographical references and index.
|
| 533 |
|
|
|a Electronic reproduction. Ann Arbor, MI : ProQuest, 2015. Available via World Wide Web. Access may be limited to ProQuest affiliated libraries.
|
| 650 |
|
0 |
|a Consumption (Economics)
|x Social aspects.
|
| 650 |
|
0 |
|a Social psychology.
|
| 655 |
|
4 |
|a Electronic books.
|
| 700 |
1 |
|
|a Wearing, Stephen.
|
| 710 |
2 |
|
|a ProQuest (Firm)
|
| 856 |
4 |
0 |
|u https://ebookcentral.proquest.com/lib/matrademy/detail.action?docID=1163800
|z Click to View
|